1415 1531 1954 1341 1169 1913 1724 1344 1568 1888 1350 1233 1678 1252 1099 1049 1255 1255 1252 1060 1918 1482 1136 1479 1765 1521 1468 1818 1146 1589 1564 1762 1218 1027 1613 1894 1062 1171 1201 1904 1016 1081 1179 1631 1970 1572 1858 1352 1350 1547 1469 1492 1816 1731 1313 1984 1058 1815 1965 1563 1665 1467 1469 1597 1200 1782 1584 1200 1938 1417 1565 1581 1466 1860 1841 1365 1558 1026 1652 1846 1768 1521 1901 1753 1652 1089 1570 1840 1065 1467 1122 1410 1665 1707 1060 1168 1178 1181 1410 BCNSPRNW ULIB Ver.6.0+V

เปลี่ยนเป็นภาษาไทย

Change to English
 แสดงรายละเอียดบรรณานุกรม
  กลับหน้าหลัก

Brief Record : Get Marc (ISO 2709) : E-mail record : QR code < ปิดหน้าต่าง
LEADER : 00000nam 2200000uu 4500
001    13399110022
003     ULIB
008    110420s2552||||th 000 0 tha d
020    9789746185875
060  4 WG300^bค125ด 2552
110 1  โรงพยาบาลรามคำแหง
245 00 ดูแลหัวใจ...ด้วยใจ/^cวทัญญู ปรัชญานนท์,บรรณษธิการ
250    พิมพ์ครั้งที่ 1
260    กรุงเทพฯ:^bโรงพยาบาลรามคำแหง,^c2552
300    120 หน้า:^bภาพประกอบสี
650  0 โรคหัวใจ
700 0  วทัญญู ปรัชญานนท์,^eบรรณษธิการ
945    ^p190^l0^i027114
945    ^p190^l0^i027113
995    ทศพร
999 ^a ใช้งานได้ทุกระบบ
รายการนี้ยังไม่มีแท็ก
คุณยังไม่ได้ล็อกอิน คุณสามารถมีกิจกรรมร่วมกับเว็บไซต์ได้ แต่ต้องล็อกอินก่อน ::
  ล็อกอิน

รายการสื่อสารสนเทศ

ลำดับที่ ประเภท เลขเรียก/บาร์โค้ด สถานที่ สถานะ
- ไม่พบข้อมูล -

รายการใกล้เคียง
    หัวเรื่อง [โรคหัวใจ]

BibComment


ยังไม่เคยถูกคอมเมนท์

คอมเมนท์ทรัพยากรรายการนี้
  คอมเมนท์: ดูแลหัวใจด้วยใจ ว..


 Copyright 2026. Bcnsprnw @Library